<?xml version="1.0" encoding="UTF-8"?>
<collection xmlns="http://www.loc.gov/MARC21/slim">
 <record>
  <leader>00581pamaa2200181   4500</leader>
  <controlfield tag="001">0000022556</controlfield>
  <controlfield tag="005">20060630090000.0</controlfield>
  <datafield tag="020" ind1="0" ind2="0">
   <subfield code="a">9836242473 </subfield>
  </datafield>
  <datafield tag="082" ind1=" " ind2=" ">
   <subfield code="a">415 RAD</subfield>
  </datafield>
  <datafield tag="090" ind1="0" ind2="0">
   <subfield code="a">P158.25 </subfield>
   <subfield code="b">RAD 1994</subfield>
  </datafield>
  <datafield tag="100" ind1="1" ind2="0">
   <subfield code="a">RADFORD </subfield>
  </datafield>
  <datafield tag="245" ind1="1" ind2="0">
   <subfield code="a">Tatabahasa transformasi  </subfield>
   <subfield code="c">Andrew Radford ; penterjemah oleh Noorein Mohd. Noor and Zaiton Ab. Rahman.</subfield>
  </datafield>
  <datafield tag="260" ind1="0" ind2="0">
   <subfield code="a">Kuala Lumpur: </subfield>
   <subfield code="b">Dewan Bahasa dan Pustaka, </subfield>
   <subfield code="c">1994.</subfield>
  </datafield>
  <datafield tag="300" ind1=" " ind2=" ">
   <subfield code="a">xvii, 799p.; </subfield>
   <subfield code="c">22cm.</subfield>
  </datafield>
  <datafield tag="650" ind1="0" ind2="0">
   <subfield code="a">Generative grammar </subfield>
  </datafield>
  <datafield tag="650" ind1="0" ind2="0">
   <subfield code="a">Grammar, comparative and general -- </subfield>
   <subfield code="x">Syntax </subfield>
  </datafield>
  <datafield tag="700" ind1="1" ind2="1">
   <subfield code="a">Noorein Mohd. Noor </subfield>
  </datafield>
  <datafield tag="700" ind1="1" ind2="1">
   <subfield code="a">Zaiton Ab. Rahman </subfield>
  </datafield>
 </record>
</collection>
